Personnalités françaises se faisant peindre - Statistiques

Statistiques générales
  • Ce quiz a été pris 3 606 fois
  • Le résultat moyen est 6 sur 10
Réponses sur la Carte
Les réponses sont colorées sur une échelle allant du rouge au vert en fonction du pourcentage des utilisateurs qui les ont devinées à leur premier essai. Vous pouvez retrouver ces pourcentages ci-dessous.
 
Statistiques - réponses
Réponse % Correct
Johnny Hallyday
98%
Gérard Depardieu
96%
Charles de Gaulle
95%
Zinedine Zidane
90%
Simone Veil
81%
Marie Curie
72%
Martin Fourcade
39%
Léa Seydoux
23%
Barbara Pravi
18%
Louis Pasteur
17%
Aucun quiz correspondant
Distribution des résultats
% des personnes avec chaque résultat
Percentile par nombre de réponses
Votre historique - résultats
Vous n’avez pas pris ce quiz